[Event "Saint Affrique op 09th"]
[Site "Saint Affrique"]
[Date "2001.07.23"]
[Round "3.59"]
[White "Amram, Roger"]
[Black "Marquet, Olivier"]
[Result "0-1"]
[WhiteElo "1890"]
[BlackElo "1600"]
[PlyCount "85"]
[EventDate "2001.07.??"]
[EventType "swiss"]
[EventRounds "9"]
[EventCountry "FRA"]
[SourceTitle "EXT 2003"]
[Source "ChessBase"]
[SourceDate "2002.11.25"]
[SourceVersion "1"]
[SourceVersionDate "2002.11.25"]
[SourceQuality "1"]

1. e4 a6 2. Nc3 b5 3. Nf3 Bb7 4. d3 e6 5. Bd2 c5 6. Qe2 d6 7. g3 Ne7 8. Bg2 b4 9. Nd1 g6 10. 0-0 Bg7 11. c3 a5 12. Ne3 Nd7 13. Nc4 Nb6 14. Nxb6 Qxb6 15. Rfe1 0-0 16. Rad1 Rfc8 17. Ng5 Rf8 18. Bh3 a4 19. cxb4 cxb4 20. Be3 Qb5 21. Nf3 Qh5 22. Bg2 Nc6 23. d4 Na5 24. Bf4 Ba6 25. Qd2 e5 26. Bg5 Nc4 27. Qc1 Rfc8 28. Bh4 Bh6 29. Ng5 f6 30. Bf3 Bxg5 31. Bxh5 Bxc1 32. Bg4 Bxb2 33. Bxf6 Kf7 34. Bg5 Rf8 35. d5 Bd4 36. Bh6 b3 37. axb3 axb3 38. Be6+ Ke7 39. Be3 Nxe3 40. fxe3 Bc3 41. Rc1 Bxe1 42. Rxe1 b2 43. Bh3 0-1